Statistics for 'Super Paper Mario' Character Quiz

Click here to take the quiz!

General Stats

  • This quiz has been taken 79 times
    (63 since last reset)
  • The average score is 23 of 34

Answer Stats

HintAnswer% Correct
Brother of No1, Green PlumberLuigi
100%
Hero Plumber, Main ProtagonistMario
100%
Princess of the Mushroom KingdomPeach
100%
King of the Koopa's, No1's main enemyBowser
93%
Evil Count, Primary AntagonistCount Bleck/Blumiere
91%
Brainwashed Green Plumber, Minion of No5Mr L
89%
Psycho Jester, Minion of No5Dimentio
84%
Minion of No5, ShapeshifterMimi
82%
In Love With Previous, Helpful Pixl GuideTippi/Timpani
80%
Tough Minion of No5, Not very brightO'Chunks
77%
Geeky LizardFrancis
75%
No5's right hand womanNastasia
73%
Leader of Flipside, assists No1Merlon
70%
Fortune Teller, Owner of the 3rd pure heartMerlee
64%
Ruler of 'Sammers Kingdom' and creator of the 'Duel of 100'King Sammer
61%
Leader of Flopside, assists No1Nolrem
61%
Exploding Bomb Pixl, Found in Gloam ValleyBoomer
59%
Dragon Guardian of the Yold Ruins and 2nd pure heartFracktail
59%
Alien Prince, assists No1 in SpaceSquirps
59%
Platform Pixl, Found in Fort FrancisCarrie
57%
Paper Thin Pixl, Found in Merlee's MansionSlim
57%
Throwing Pixl, Found in Yold TownThoreau
57%
Hammer Pixl, Found in the Land of the CragnonsCudge
55%
Shrinking Pixl, Found in the Floro CavernsDottie
55%
Stubborn Nimbi Princess, Lives in the OverthereLuvbi
55%
Dashing Pixl, Found in the Flipside Pit of 100 TrialsDashell
52%
Revealing Pixl, Found on Planet BlobuleFleep
52%
King of the Floro SapiensKing Croacus
52%
Musical Pixl, Found in the secret house in FlopsidePiccolo
52%
Ground Pound Pixl, Found in The Tile PoolThudley
52%
Spiky Shield Pixl, Found in the BitlandsBarry
48%
Queen of the Underwhere, Mother to No15Jaydes
48%
Robotic Version of No6Tiptron
43%
King of the Overthere, father to No15Grambi
39%

Score Distribution

Percentile by Number Answered

Percent of People with Each Score

Your Score History

You have not taken this quiz since the last reset